Detalles MARC
| 000 -CABECERA |
| campo de control de longitud fija |
01893nam a2200277 i 4500 |
| 001 - NÚMERO DE CONTROL |
| campo de control |
15746 |
| 003 - IDENTIFICADOR DEL NÚMERO DE CONTROL |
| campo de control |
DO-SdUEMH |
| 005 - FECHA Y HORA DE LA ÚLTIMA TRANSACCIÓN |
| campo de control |
20260130210019.0 |
| 007 - CAMPO FIJO DE DESCRIPCIÓN FÍSICA--INFORMACIÓN GENERAL |
| campo de control de longitud fija |
ta |
| 008 - DATOS DE LONGITUD FIJA--INFORMACIÓN GENERAL |
| campo de control de longitud fija |
211105s2007||||dr |||gr|||| 0|| | spa d |
| 040 ## - FUENTE DE LA CATALOGACIÓN |
| Centro catalogador/agencia de origen |
DO-SdUEMH |
| Lengua de catalogación |
spa |
| Normas de descripción |
rda |
| 041 ## - CÓDIGO DE LENGUA |
| Código de lengua del texto/banda sonora o título independiente |
spa |
| 082 14 - NÚMERO DE LA CLASIFICACIÓN DECIMAL DEWEY |
| Número de clasificación |
RD 346.024 R426C |
| Colección |
Colección Dominicana |
| 084 ## - OTRO NÚMERO DE CLASIFICACIÓN |
| Item number |
12-00003 |
| 110 ## - ENTRADA PRINCIPAL--NOMBRE DE ENTIDAD CORPORATIVA |
| Nombre de entidad corporativa o nombre de jurisdicción como elemento de entrada |
Ministerio de Hacienda, Economía y Desarrollo |
| 245 ## - MENCIÓN DE TÍTULO |
| Título |
Ley No. 340-06 Sobre Compras y Contrataciones con Modificaciones de Ley No. 449-06 y su Reglamento de Aplicación No. 490-07 |
| 260 ## - PUBLICACIÓN, DISTRIBUCIÓN, ETC. |
| Date of publication, distribution, etc. |
2007 |
| 264 ## - PRODUCCIÓN, PUBLICACIÓN, DISTRIBUCIÓN, FABRICACIÓN Y COPYRIGHT |
| Lugar de producción, publicación, distribución, fabricación |
Santo Domingo, República Dominicana : |
| Nombre del de productor, editor, distribuidor, fabricante |
De León, S.A., |
| Fecha de producción, publicación, distribución, fabricación o copyright |
2007 |
| 300 ## - DESCRIPCIÓN FÍSICA |
| Extensión |
141 páginas : |
| Dimensiones |
20 cm. |
| 336 ## - TIPO DE CONTENIDO |
| Fuente |
rdacontent |
| Término de tipo de contenido |
texto |
| Código de tipo de contenido |
txt |
| 337 ## - TIPO DE MEDIO |
| Fuente |
rdamedia |
| Nombre del tipo de medio |
sin mediación |
| Código del tipo de medio |
n |
| 338 ## - TIPO DE SOPORTE |
| Fuente |
rdacarrier |
| Nombre del tipo de soporte |
volumen |
| Código del tipo de soporte |
nc |
| 505 #2 - NOTA DE CONTENIDO CON FORMATO |
| Nota de contenido con formato |
Del sistema de contrataciones y sus normas comunes -- Del sistema y su ámbito -- Normas generales comunes a todos los organismos comprendidos -- Procedimientos de selección -- Presentación, evaluación de propuestas y adjudicación -- Contenido y forma de los contratos -- Facultades y obligaciones -- De la iniciativa privada -- Sistema de contrataciones de bienes, servicios y concesiones -- Organización del sistema -- Normas especiales para la contratación de concesión de bienes, obras y servicios -- Normas especiales para los contratos de concesión de obras públicas -- Obligaciones mínimas -- Proceso de contratación -- capitulo vi: adjudicación y contrato de concesión -- capitulo vii: ejecución del contrato de concesión -- capitulo viii: suspensión y extinción de la concesión -- titulo iii disposiciones comunes -- capitulo i: sanciones -- capitulo ii: reclamos, impugnaciones y controversias -- capitulo iii: potestad y procedimiento de investigación -- titulo iv disposiciones transitorias -- titulo v disposiciones finales. |
| 942 ## - ELEMENTOS DE PUNTO DE ACCESO ADICIONAL (KOHA) |
| Fuente del sistema de clasificación o colocación |
Dewey Decimal Classification |
| Tipo de ítem Koha |
Libro |
| Suprimir en OPAC |
No |